Песни Виктора Цоя - Statistics

General Stats
  • This quiz has been taken 417 times
  • The average score is 24 of 114
Answer Stats
Год Альбом Песня % Correct
1988 Группа крови Группа крови
88%
1989 Последний герой Группа крови
88%
1991 Чёрный альбом Звезда
83%
1989 Звезда по имени Солнце Звезда по имени Солнце
65%
1991 Чёрный альбом Кукушка
65%
1982 45 Восьмиклассница
64%
1984 Начальник Камчатки Последний герой
59%
1986 Ночь Последний герой
59%
1989 Последний герой Мы ждём перемен
59%
1989 Последний герой Последний герой
59%
1989 Звезда по имени Солнце Пачка сигарет
58%
1986 Ночь Спокойная ночь
48%
1988 Группа крови Спокойная ночь
48%
1989 Последний герой Спокойная ночь
48%
1986 Ночь Ночь
47%
1982 45 Алюминиевые огурцы
44%
1985 Это не любовь Это не любовь
40%
1991 Чёрный альбом Кончится лето
39%
1991 Чёрный альбом Когда твоя девушка больна
35%
1986 Ночь Видели ночь
29%
1983 46 Троллейбус
28%
1984 Начальник Камчатки Троллейбус
28%
1986 Ночь Закрой за мной дверь, я ухожу
28%
1988 Группа крови Закрой за мной дверь, я ухожу
28%
1989 Последний герой Троллейбус
28%
1982 45 Бездельник
27%
1983 46 Камчатка
27%
1984 Начальник Камчатки Камчатка
27%
1986 Ночь Мама-анархия
27%
1989 Звезда по имени Солнце Стук
27%
1982 45 Бездельник № 2
27%
1989 Последний герой Мама, мы все тяжело больны
26%
1988 Группа крови Война
25%
1989 Последний герой Война
25%
1991 Чёрный альбом Муравейник
24%
1982 45 Электричка
23%
1989 Последний герой Электричка
23%
1991 Чёрный альбом Красно-жёлтые дни
23%
1991 Чёрный альбом Следи за собой
23%
1989 Последний герой Печаль
22%
1989 Звезда по имени Солнце Печаль
22%
1989 Звезда по имени Солнце Апрель
21%
1989 Звезда по имени Солнце Место для шага вперёд
21%
1989 Звезда по имени Солнце Песня {без слов}
21%
1988 Группа крови В наших глазах»
20%
1988 Группа крови Легенда
20%
1989 Последний герой В наших глазах
20%
1982 45 Дерево
18%
1985 Это не любовь Весна
18%
1988 Группа крови Бошетунмай
18%
1986 Ночь Дальше действовать будем мы
17%
1988 Группа крови Дальше действовать будем мы
17%
1983 46 Транквилизатор
16%
1984 Начальник Камчатки Транквилизатор
16%
1989 Звезда по имени Солнце Сказка
16%
1985 Это не любовь Это — любовь (Проснись)
15%
1982 45 Мои друзья
14%
1983 46 Саша
14%
1985 Это не любовь Саша
14%
1986 Ночь Попробуй спеть вместе со мной
14%
1988 Группа крови Попробуй спеть вместе со мной
14%
1991 Чёрный альбом Нам с тобой
14%
1991 Чёрный альбом Сосны на морском берегу
14%
1982 45 Время есть, а денег нет
13%
1985 Это не любовь Прохожий
13%
1988 Группа крови Прохожий
13%
1988 Группа крови Мама, мы все сошли с ума
12%
1989 Звезда по имени Солнце Невесёлая песня
11%
1982 45 Когда-то ты был битником
10%
1982 45 На кухне
10%
1983 46 Генерал
10%
1983 46 Музыка волн
10%
1984 Начальник Камчатки Генерал
10%
1985 Это не любовь Город
10%
1985 Это не любовь Музыка волн
10%
1986 Ночь Игра
10%
1986 Ночь Фильмы
10%
1982 45 Ситар играл
9%
1983 46 Я хочу быть кочегаром
9%
1982 45 Я — асфальт
8%
1983 46 Дождь для нас
8%
1984 Начальник Камчатки Дождь для нас
8%
1985 Это не любовь Разреши мне…
8%
1985 Это не любовь Уходи
8%
1986 Ночь Мы хотим танцевать
8%
1991 Чёрный альбом Завтра война
8%
1982 45 Просто хочешь ты знать
7%
1982 45 Солнечные дни
7%
1985 Это не любовь Дети проходных дворов
7%
1985 Это не любовь Рядом со мной
7%
1985 Это не любовь Я объявляю свой дом (Безъядерная зона)
7%
1986 Ночь Жизнь в стёклах
7%
1983 46 Каждую ночь
6%
1983 46 Я иду по улице
6%
1984 Начальник Камчатки Анаша
6%
1984 Начальник Камчатки Гость
6%
1984 Начальник Камчатки Каждую ночь
6%
1985 Это не любовь Верь мне
6%
1986 Ночь Танец
6%
1983 46 Без десяти
5%
1983 46 Сельва
5%
1984 Начальник Камчатки Постой, паровоз
5%
1985 Это не любовь Стишок
5%
1986 Ночь Звёзды останутся здесь
5%
1984 Начальник Камчатки Ария мистера X
5%
1983 46 Пора
4%
1983 46 Стань птицей
4%
1983 46 Хочу быть с тобой
4%
1984 Начальник Камчатки Прогулка романтика
4%
1984 Начальник Камчатки Растопите снег
4%
1984 Начальник Камчатки Сюжет для новой песни
4%
1984 Начальник Камчатки Танкисты
4%
1984 Начальник Камчатки Хочу быть с тобой
4%
1986 Ночь Твой номер
4%
No matching quizzes found
Score Distribution
Percent of People with Each Score
Percentile by Number Answered
Your Score History
You have not taken this quiz